000 00249nam a2200097Ia 4500
001 1107413
005 20250827003457.0
008 250824s9999 xx 000 0 und d
245 0 _aFEN KÖYÜ
_cYUSUF ÇELEBİ İKBAL YILDIRIM
260 _bMODEL ÇOCUK
999 _c1107413
_d1107413